Un acercamiento histr̤ico sociolg̤ico del desinterš cultural por la ciencia y la tecnologa̕ en Mx̌ico

Bibliographic Details
Main Author: Ornelas Lp̤ez, Jos ̌Luz
Format: eBook
Language:Spanish
Published: Mx̌ico D.F: Plaza y Valdš Editores, 2012
Subjects:
Online Access:Acceso restringido

MARC

LEADER 00000nam a22000007a 4500
005 20130712134152.0
007 cr|||| ||||
008 130712s2012 mx |||||s|||| 00||0 spa d
020 |a 978-607-402-504-0 
035 |a 11404 
040 |a vLex 
090 |c 4448  |d 4448 
100 1 |a Ornelas Lp̤ez, Jos ̌Luz  
245 1 3 |a Un acercamiento histr̤ico sociolg̤ico del desinterš cultural por la ciencia y la tecnologa̕ en Mx̌ico  |h [Recurso electrn̤ico] /  |c Jos ̌Luz Ornelas Lp̤ez, Blanca Chong Lp̤ez  
256 |a Servicio en ln̕ea 
260 |a Mx̌ico D.F:  |b Plaza y Valdš Editores,  |c 2012 
300 |a 1 recurso electrn̤ico 
506 1 |a Contenido solo disponible en los productos indicados  |d vLex Global  |d vLex Global (Academic Edition, excluding Law Schools)  |d vLex Global (U.S. Academic Edition, Law Schools)  |d vLex Global (U.S. Academic Edition, excluding Law Schools)  |d vLex Global (Academic Edition, Law Schools) 
650 0 4 |a Ciencia y tecnologa̕  |z Mx̌ico 
740 0 |a vLex Libros (Servicio en ln̕ea) 
856 4 0 |u http://vlex.com/source/acercamiento-historico-sociologico-desinteres-cultural-ciencia-tecnologia-mexico-11404  |z Acceso restringido 
942 |c BOOK 
999 0 |a Science and technology